Elogi de la paraula i altres assaigs / (Record no. 97325)

MARC details
000 -LEADER
campo de control de longitud fija 00562nam a2200181 i 4500
001 - NÚMERO DE CONTROL
campo de control 97325
003 - IDENTIFICADOR DE NÚMERO DE CONTROL
campo de control ES-MaACL
005 - FECHA Y HORA DE LA ÚLTIMA TRANSACCIÓN
campo de control 20240131063031.0
007 - CAMPO FIJO DE DESCRIPCIÓN FÍSICA--INFORMACIÓN GENERAL
campo de control de longitud fija t|
008 - DATOS DE LONGITUD FIJA--INFORMACIÓN GENERAL
campo de control de longitud fija 050711s1978 sp ||||1| cat d
100 1# - ENTRADA PRINCIPAL--NOMBRE DE PERSONA
Nombre de persona Maragall, Joan,
Fechas asociadas al nombre 1860-1911
9 (RLIN) 152432
245 10 - MENCIÓN DEL TÍTULO
Título Elogi de la paraula i altres assaigs /
Mención de responsabilidad, etc. Joan Maragall ; a cura de Francesc Vallverdú.
260 ## - PUBLICACIÓN, DISTRIBUCIÓN, ETC.
Lugar de publicación, distribución, etc. Barcelona :
Nombre del editor, distribuidor, etc. Ediciones 62,
Fecha de publicación, distribución, etc. 1978.
300 ## - DESCRIPCIÓN FÍSICA
Extensión 205 p. ;
Dimensiones 19 cm.
700 1# - ENTRADA AGREGADA--NOMBRE PERSONAL
Nombre de persona Vallverdú, Francesc.
9 (RLIN) 112964
852 ## - LOCALIZACIÓN
Ubicación ES-MaACL
Número de control de estantería A-9652
Sublocalización o colección R.98687
Holdings
Estatus retirado Estado de pérdida Estado de daño No para préstamo Biblioteca de origen Biblioteca actual Ubicación en estantería Fecha de adquisición Fuente de adquisición Total de préstamos Signatura topográfica completa Código de barras Visto por última vez Precio de reemplazo Tipo de ítem Koha
        Biblioteca del Ateneo de Madrid Biblioteca del Ateneo de Madrid Depósito 1 17/01/2008     A-9652 1101602 23/02/2023 23/02/2023 Libro impreso